| 000 | 00359nam a2200145Ia 4500 | ||
|---|---|---|---|
| 008 | 150201s2012 xx 000 0 und d | ||
| 082 |
_a616.0707 _bS2012R |
||
| 100 | _aR.RAJENDERAN | ||
| 245 | _aSHAFERS TEXT BOOK OF ORAL PATHOLOGY | ||
| 250 | _a7TH | ||
| 260 |
_bELSEVIER _aDELHI _c2012 |
||
| 300 | _a1-978 | ||
| 650 | _aORAL PATHOLOGY | ||
| 942 |
_2ddc _cBK _015 |
||
| 999 |
_c4796 _d4796 |
||